000 01188nam a2200313 c 4500
999 _c85347
_d85347
003 BLK
005 20240622114400.0
008 180408b bul|||||r ||||||| ||bul||
010 _aKNG00089947000
020 _a978-954-09-0078-0
040 _aBLK
041 _aBUL
_cBUL
080 _aБългарска литература
_b821.163.2
_x-93-32
_z821.163.2-93-32
100 1 _aЧаушев, Вели Светлинов
_eпърви автор
_9270548
139 _aЧаушев, Вели Светлинов
_bЧ 46
245 1 0 _aСламчови работи
_bСламчо ; Грънчо ; Хей : Приказни повести
_cВели Светлинов Чаушев; худож. Любен Христов Зидаров.
257 _aBGR
260 _bЗахарий Стоянов
_c2008
_fСофия : Образонаие и наука
300 _a142 с.
_bс цв. ил.
_c24 см
380 _aDX
700 _aЗидаров, Любен Христов
_eхудож.
_9365107
852 _aЦб 244315
856 4 _qpdf
856 4 _qpdf
942 _cKNG
_n0
_s1
_01
944 _aCR
_c15.06.2009
_k30576
_lЦветомила Тодорова
944 _aED
_c24.06.2009
999 _d85347